Statystyki dla Kluby Piłkarskie - Powiat Radzyński

Kliknij tutaj aby rozwiązać quiz!

Ogólne statystyki

  • Ten quiz został rozwiązany 5 razy
  • Średni wynik to 5 z 12

Statystyki odpowiedzi

Odpowiedź% Poprawnych
Orzeł Czemierniki
100%
Orzeł II Czemierniki
75%
Orlęta-Spomlek Radzyń Podlaski
50%
Absolwent Domaszewnica
25%
Az-Bud II Komarówka Podlaska
25%
Az-Bud Komarówka Podlaska
25%
Bystrzyca Borki
25%
KS Grom Kąkolewnica
25%
KS Młodzieżówka Radzyń Podlaski
25%
Orlęta-Spomlek II Radzyń Podlaski
25%
Unia II Żabików
25%
Unia Żabików
25%

Rozkład punktacji

Percentyl według liczby udzielonych odpowiedzi

Procent ludzi z każdym wynikiem

Twoja historia wyników

Nie rozwiązałeś tego quizu